Normal view
MARC view
- Alan S. Foust, Leonard A. Wenzel, Curtis W. Clump, Louis Maus, L. Bryce Andersen
Entry Personal Name
001 - CONTROL NUMBER
- control field: 127032
003 - CONTROL NUMBER IDENTIFIER
- control field: NUST
005 - DATE AND TIME OF LATEST TRANSACTION
- control field: 20241207123732.0
008 - FIXED-LENGTH DATA ELEMENTS
- fixed length control field: 241207|| aca||aabn | a|a d
040 ## - CATALOGING SOURCE
- Original cataloging agency: NUST
- Transcribing agency: NUST
100 ## - HEADING--PERSONAL NAME
- Personal name: Alan S. Foust, Leonard A. Wenzel, Curtis W. Clump, Louis Maus, L. Bryce Andersen
670 ## - SOURCE DATA FOUND
- Source citation: Work cat.: (NUST)564126: Alan S. Foust, Leonard A. Wenzel, Curtis W. Clump, Louis Maus, L. Bryce Andersen, Principles of unit operations 2nd edition /, 2004
